000 00249nam a2200109Ia 4500
008 190912s9999||||xx |||||||||||||| ||und||
100 _aPaul Hannon
245 0 _aArgentina : A New Era
260 _aUK
_bMcGraw-Hill
_c2016
300 _a250
942 _cBK
999 _c7368
_d7368